Malaysia (Record no. 3714)

MARC details
000 -LEADER
fixed length control field 00679nam a2200241 i 4500
001 - CONTROL NUMBER
control field C2-0015218
003 - CONTROL NUMBER IDENTIFIER
control field PPAK
005 - DATE AND TIME OF LATEST TRANSACTION
control field 20190630221934.0
008 - FIXED-LENGTH DATA ELEMENTS--GENERAL INFORMATION
fixed length control field 970201s1984 my a|||| ||||| | eng d
040 ## - CATALOGING SOURCE
Original cataloging agency PPAK
Language of cataloging eng
Transcribing agency PPAK
Description conventions rda
082 04 - DEWEY DECIMAL CLASSIFICATION NUMBER
Classification number 959.504
Edition number 23
090 00 - LOCALLY ASSIGNED LC-TYPE CALL NUMBER (OCLC); LOCAL CALL NUMBER (RLIN)
Classification number (OCLC) (R) ; Classification number, CALL (RLIN) (NR) 959.504
Feature heading ABD
Feature heading KAR
Classification number (OCLC) (R) ; Classification number, CALL (RLIN) (NR) 959.504
Feature heading ABD
Feature heading KK
100 0# - MAIN ENTRY--PERSONAL NAME
Personal name Abdul Rahman Putra,
Titles and words associated with a name Tunku
Relator term author
245 10 - TITLE STATEMENT
Title Malaysia
Remainder of title the road to independence
250 ## - EDITION STATEMENT
Edition statement 21
264 #1 - PRODUCTION, PUBLICATION, DISTRIBUTION, MANUFACTURE, AND COPYRIGHT NOTICE
Place of production, publication, distribution, manufacture Petaling Jaya, Selangor :
Name of producer, publisher, distributor, manufacturer Pelanduk ,
Date of production, publication, distribution, manufacture, or copyright notice 1984
300 ## - PHYSICAL DESCRIPTION
Extent iii, 235 pages :
Other physical details illustrations ;
Dimensions 21 cm
336 ## - CONTENT TYPE
Source rdacontent
Content type term text
337 ## - MEDIA TYPE
Source rdamedia
Media type term unmediated
338 ## - CARRIER TYPE
Source rdacarrier
Carrier type term volume
942 ## - ADDED ENTRY ELEMENTS (KOHA)
-- dc
Koha item type Book
Holdings
Withdrawn Not for loan Current library Shelving location Date acquired Full call number Barcode Date last seen Koha item type
  Not For Loan Perpustakaan Alor Setar Koleksi Kedah 29/07/1998 KK 959.504 ABD A00152817 08/05/2018 Book
  Not For Loan Perpustakaan Alor Setar Koleksi Kedah 06/08/1998 KK 959.504 ABD A00153286 08/05/2018 Book
  Not For Loan Perpustakaan Baling Koleksi A.Rahmad 05/07/2004 KAR 959.504 ABD A00500039 08/05/2018 Book